|
|
|
|
| LEADER |
00000naa2a2200000 4500 |
| 001 |
605614 |
| 005 |
20251121095133.0 |
| 035 |
|
|
|a (RuTPU)RU\TPU\conf\2926
|
| 035 |
|
|
|a RU\TPU\conf\2925
|
| 090 |
|
|
|a 605614
|
| 100 |
|
|
|a 20140422d2014 k y0rusy50 ca
|
| 101 |
0 |
|
|a rus
|
| 102 |
|
|
|a RU
|
| 105 |
|
|
|a y z 101zy
|
| 135 |
|
|
|a drnn ---uucaa
|
| 181 |
|
0 |
|a i
|
| 182 |
|
0 |
|a b
|
| 200 |
1 |
|
|a Возделывание светолюбивых культур в условиях искусственного освещения различными источниками света
|f И. Н. Козырева, В. О. Садченко
|
| 203 |
|
|
|a Текст
|c электронный
|
| 225 |
1 |
|
|a Оптические технологии
|
| 300 |
|
|
|a Заглавие с титульного экрана
|
| 320 |
|
|
|a [Библиогр.: с. 235 (3 назв.)]
|
| 337 |
|
|
|a Adobe Reader
|
| 463 |
|
0 |
|0 (RuTPU)RU\TPU\conf\2834
|t Высокие технологии в современной науке и технике
|o сборник научных трудов III Международной научно-технической конференции молодых ученых, аспирантов и студентов, г. Томск, 26-28 марта 2014 г.
|f Национальный исследовательский Томский политехнический университет (ТПУ)
|v [С. 232-235]
|d 2014
|
| 610 |
1 |
|
|a труды учёных ТПУ
|
| 610 |
1 |
|
|a электронный ресурс
|
| 610 |
1 |
|
|a возделывание
|
| 610 |
1 |
|
|a светолюбивые культуры
|
| 610 |
1 |
|
|a искусственное освещение
|
| 610 |
1 |
|
|a источники света
|
| 700 |
|
1 |
|a Козырева
|b И. Н.
|c физик
|c инженер Томского политехнического университета
|f 1986-
|g Ирина Николаевна
|3 (RuTPU)RU\TPU\pers\31581
|
| 701 |
|
1 |
|a Садченко
|b В. О.
|
| 712 |
0 |
2 |
|a Национальный исследовательский Томский политехнический университет
|c (2009- )
|9 26305
|
| 801 |
|
2 |
|a RU
|b 63413507
|c 20210421
|g RCR
|
| 856 |
4 |
|
|u http://earchive.tpu.ru/handle/11683/21090
|
| 856 |
4 |
|
|u http://www.lib.tpu.ru/fulltext/c/2014/C17/064.pdf
|
| 942 |
|
|
|c BK
|